PowerPoint 7 pro Windows 95 : Kompletní kapesní průvodce /
Gespeichert in:
| 1. Verfasser: | |
|---|---|
| Format: | Buch |
| Sprache: | Tschechisch |
| Veröffentlicht: |
Praha :
Grada,
1997
|
| Ausgabe: | 1. |
| Schlagworte: | |
| Tags: |
Keine Tags, Fügen Sie das erste Tag hinzu!
|
MARC
| LEADER | 00000nam a22000003a 4500 | ||
|---|---|---|---|
| 001 | stu30459 | ||
| 005 | 20150617225735.1 | ||
| 008 | 971118s1997----cs------------------cze-d | ||
| 020 | |a 80-7169-351-0 | ||
| 040 | |a STU |b slo | ||
| 041 | 0 | |a cze | |
| 044 | |a cs | ||
| 080 | |a 519.68 | ||
| 080 | |a 681.3.06 | ||
| 100 | 1 | |a Wagner, Dietlind |4 aut | |
| 245 | 1 | |a PowerPoint 7 pro Windows 95 : |b Kompletní kapesní průvodce / |c [aut]Wagner,Dietlind | |
| 250 | |a 1. | ||
| 260 | |a Praha : |b Grada, |c 1997 | ||
| 300 | |a 358 s | ||
| 650 | 7 | |a Programy počítačové-PowerPoint 7 |2 stusub | |
| 650 | 7 | |a PowerPoint 7-programy počítačové |2 stusub | |
| 996 | |b 284M081966 |c M*10045-1 |l MMKN |s A |a 24 |w stu30459_0001 | ||
| 996 | |b 284V028201 |c V*44901/O-19593 |l VVT |s A |a 24 |w stu30459_0003 | ||